000 00329nam a2200121Ia 4500
008 190722s9999 xx 000 0 und d
020 _a978-1-4711-5728-8
100 _aStephen R.Convey
245 0 _aPrimary Greatness, The 7habits of Highly Effective People
260 _aIndia
_bCBS Company
_c2015
300 _a200
942 _cBK
999 _c825
_d825